[Event "Collado Villalba op 38th"]
[Site "Collado Villalba"]
[Date "2021.08.26"]
[Round "6"]
[White "Fernandez Garcia, Ignacio"]
[Black "Lopez Leis Cenal, Manuel Santiago"]
[Result "1-0"]
[WhiteElo "1821"]
[BlackElo "1599"]
[PlyCount "49"]
[EventDate "2021.08.21"]
[EventType "swiss"]
[EventRounds "9"]
[EventCountry "ESP"]
[SourceTitle "CBM 204 Extra"]
[Source "ChessBase"]
[SourceDate "2021.11.30"]
[SourceVersion "1"]
[SourceVersionDate "2021.11.30"]
[SourceQuality "1"]

1. e4 e5 2. Nf3 Nc6 3. Bc4 Bc5 4. Nc3 Nf6 5. d3 h6 6. h3 d6 7. Be3 Bb6 8. g4 Bxe3 9. fxe3 Na5 10. Qe2 Nxc4 11. dxc4 b6 12. 0-0-0 Bb7 13. Qd3 Qd7 14. Nd5 0-0-0 15. Nd2 Ng8 16. Qa3 Kb8 17. Rhf1 h5 18. g5 Qxh3 19. Rxf7 Qe6 20. Rxc7 Rd7 21. Rxd7 Qxd7 22. Nb4 h4 23. Nf3 Bxe4 24. Nxe5 h3 25. Nxd7+ 1-0

[Event "Collado Villalba op 38th"]
[Site "Collado Villalba"]
[Date "2021.08.21"]
[Round "1"]
[White "Lopez Leis Cenal, Manuel Santiago"]
[Black "Semprun Martinez, Fernando M"]
[Result "0-1"]
[WhiteElo "1599"]
[BlackElo "2093"]
[PlyCount "76"]
[EventDate "2021.08.21"]
[EventType "swiss"]
[EventRounds "9"]
[EventCountry "ESP"]
[SourceTitle "CBM 204 Extra"]
[Source "ChessBase"]
[SourceDate "2021.11.30"]
[SourceVersion "1"]
[SourceVersionDate "2021.11.30"]
[SourceQuality "1"]

1. e4 c5 2. Nf3 Nc6 3. Bb5 g6 4. 0-0 Bg7 5. Bxc6 dxc6 6. d3 Qc7 7. h3 b6 8. Re1 e5 9. b3 Ne7 10. Bb2 0-0 11. Nbd2 Bd7 12. Nc4 f6 13. a4 a5 14. Nh2 Be6 15. Re3 Rad8 16. Qe2 Rd7 17. Rf1 g5 18. g4 Ng6 19. Rg3 Rfd8 20. Rd1 b5 21. Ne3 Nf4 22. Qf1 Bf8 23. Ng2 Ng6 24. Ne3 Nf4 25. Ng2 c4 26. axb5 cxb3 27. bxc6 Qxc6 28. cxb3 Qc2 29. Nxf4 gxf4 30. Rg2 Qxb2 31. g5 Bxh3 32. gxf6+ Kf7 33. Ng4 f3 34. Rb1 fxg2 35. Qd1 Bxg4 36. Qxg4 Qxb1+ 37. Kxg2 Qxd3 38. Qh5+ Kxf6 0-1